Young Turks: inspiring stories of tech entrepreneurs (Record no. 26681)

000 -LEADER
fixed length control field 00403nam a2200133Ia 4500
008 - FIXED-LENGTH DATA ELEMENTS--GENERAL INFORMATION
fixed length control field 230613s9999||||xx |||||||||||||| ||und||
020 ## - INTERNATIONAL STANDARD BOOK NUMBER
International Standard Book Number 9788184005950
082 ## - DEWEY DECIMAL CLASSIFICATION NUMBER
Classification number 338.470046780954
Item number B5752
100 ## - MAIN ENTRY--PERSONAL NAME
Personal name Bhan, Shereen & Dehnugara, Syna
245 #0 - TITLE STATEMENT
Title Young Turks: inspiring stories of tech entrepreneurs
260 ## - PUBLICATION, DISTRIBUTION, ETC. (IMPRINT)
Place of publication, distribution, etc Gurgaon
Name of publisher, distributor, etc Random House Publishers India
Date of publication, distribution, etc 2014
300 ## - PHYSICAL DESCRIPTION
Extent xii, 284 p.
942 ## - ADDED ENTRY ELEMENTS (KOHA)
Item type Books
Holdings
Withdrawn status Lost status Damaged status Not for loan Permanent location Current location Date acquired Source of acquisition Full call number Barcode Date last seen Koha item type
        IMU Kolkata IMU Kolkata 2023-06-13 Gifted by Shailendra S Kathait (6049) 338.470046780954 B5752 G00793 2023-06-13 Books
Designed and Maintained by IMU-KC Library, Kolkata Campus © Copyright All Rights Reserved

webs counters

Powered by Koha